000 00305nam a22001337a 4500
003 SGT
020 _a817132133
082 _a374,VAS
100 _aVASHIST, S.R.
245 _aADULT EDUCATION ISSUE PROBLEMS AND PROSPECTS
260 _aJAIPUR
_bPOINTER PUBLISHAR
_c1997
300 _a260
942 _2ddc
_cBK
999 _c33475
_d33475